00596 2200193 4500001002100000005001700021008004100038035002500079082001100104090002100115100002900136245009600165260005100261300001900312650002400331700001700355850001200372990001800384YOGYA-0209000004417920150414091252.0 ind  a0010-020900000044179 a340.16 aRT 340.16bSay B aSAYANGBATI - DENGAH, W.W aBibliografi hukum di Indonesia 1945-1981cdisusun oleh W.W. Sayangbati-Dengah, M.T. Sitorus aJakartabPerpustakaan Nasional Depdikbudc1982 a199 hlmc28 cm aHukum - Bibliografi aSitorus, M.T aYOPDYOG a26816-PD/A.07